| 000 | 00000nam##2200000za#4500 |
| 001 | 9.697855 |
| 003 | CaOODSP |
| 005 | 20210624235651 |
| 007 | cr ||||||||||| |
| 008 | 150407|1998||||xxc|||||o f|0| 0 eng|d |
| 040 | |aCaOODSP|beng |
| 043 | |an-cn--- |
| 086 | 1 |aRH64-54/1998E-PDF |
| 110 | 1 |aCanada. |bHuman Resources Development Canada. |
| 245 | 14|aThe influence of legislative changes to unemployment insurance on the economy, 1971-94 : |h[electronic resource]|ba full-system simulation study (a non-technical summary) / |cby Dennis Maki, Jane Friesen, and Tom Siedule. |
| 260 | |aOttawa - Ontario : |bHuman Resources Development Canada |c[1998]. |
| 300 | |a27p.|bfigs., graphs, table |
| 590 | |a13-12-Supp|b2013-05-10 |
| 690 | 07|aEmployment insurance|2gcpds |
| 775 | 08|tLes changements législatifs apportés à l'assurance-chômage et leur incidence sur l'économie de 1971 à 1994 : |w(CaOODSP)9.641861 |
| 856 | 40|ahttp://publications.gc.ca|qPDF|s112 KB|uhttps://publications.gc.ca/collections/collection_2013/rhdcc-hrsdc/RH64-54-1998-eng.pdf |